000 00743nas a2200277 4500
001 BR9201065
003 BR-BrBNA
005 20231205092339.0
007 ta
008 230509b bl.|||p| |||| 00| 00por d
040 _aBR-BrBNA
_bpor
_cBiblioteca Nacional de Agricultura
041 _a(Pt)
072 _aL02
100 1 _aMelo, D.P. de
245 1 _aO fosforo na alimentacao dos animais
650 _aBOVINO
650 _aSUPLEMENTO ALIMENTAR
650 _aFOSFORO
650 _aFARINHA DE OSSO
650 _aRACAO
650 _aNUTRICAO ANIMAL
650 _aPRATICO
773 0 _tCerrado (Brazil)
_xISSN 0100-0578
_g(Dec 1971), v. 3(14) p. 4-5
_wBR9201065
909 _a202311
_bLúcia
_c55
_dLúcia Elande
942 _2AGRIS
_n0
_cANA
999 _c131090
_d131090